000 00830nam a2200205Ia 4500
003 GCL
008 140319s9999 xx 000 0 ara d
020 _a046322977
040 _aGCL /
_cGCL
082 0 4 _a953.07391
_bم س
100 1 _aمحمد عبدالعظيم ابوالنصر
245 1 0 _aالسلاجقة : تاريخهم السياسى والعسكرى /
_cمحمد عبدالعظيم ابوالنصر
260 _aالقاهرة :
_bعين للدراسات والبحوث الانسانية والاجتماعية ،
_c2003
300 _a448 ص ؛
_c24 سم
650 0 4 _aالتاريخ الاسلامى
650 0 4 _aالسلاجقة - الاحوال السياسية
650 0 4 _aالدولة السلجوقية - تاريخ
650 0 4 _aالسلاجقة - الاحوال العسكرية
942 _2ddc
_cBK
999 _c6227
_d6227